000 01841nam0a2200421 4500
001 RU\NLR\BIBL_A\022027640
005 20231013160250.0
010 _a978-5-7533-1819-0
_94000
021 _aRU
_bКН-П-23-050651
_9КН-П-23-5085
035 _a(NLR Aleph) 022027640
035 _a(RuMoRGB)012014804
090 _a12530627
_c12530627
100 _a20230914d2023 u y0rusy50 ca
101 0 _arus
102 _aRU
105 _aa w 010zy
181 0 _ai3
_baxxe
182 0 _an
200 1 _aГлавное таинство церкви. Божественная литургия с пояснениями
_fсоставитель: М. Р. Винарова
203 _aТекст
_bвизуальный
_cнепосредственный
205 _a2-е изд.
210 _aМосква
_cИзд-во Сретенского монастыря
_d2023
215 _a108, [2] с.
_cил.
_d21
225 1 _aВозьми с собой в храм
300 _aЗагл. корешка: Божественная литургия
300 _a625-летию основания Московского Сретенского ставропигиального мужского монастыря посвящается
320 _aБиблиогр. в конце кн. и в подстроч. примеч.
333 _a12+
516 1 _aБожественная литургия
606 1 _aБогослужение православное
_2nlr_sh1
_2nlr_sh2
_3RU\NLR\AUTH\66977026
606 1 _aЛитургия
_2nlr_sh1
_2nlr_sh2
_3RU\NLR\AUTH\66626427
686 2 _aЭ372.24-503.181
702 1 _aВинарова
_bМ. Р.
_gМария Р.
_4220
942 _cBOOK
980 _aNB